| 000 | 00966nam a22002897a 4500 | ||
|---|---|---|---|
| 003 | DO-SdBPM | ||
| 005 | 20260311095343.0 | ||
| 007 | ta | ||
| 008 | 171122b1999 sp ||||| |||| 00| 0 spa d | ||
| 020 | _a8479014245 | ||
| 040 |
_aDO-SdBPM _bspa _cBPMSU _erda |
||
| 082 | 0 | 4 |
_a613.79 _bT689r 1999 _222 |
| 100 | 1 |
_aTorreiglesias, Manuel _eautor _4aut. |
|
| 245 | 1 | 0 |
_aRelajación para saber vivir / _cManuel Torreiglesias, Ramiro Calle. |
| 264 |
_aBarcelona : _b RBA, _c1999. |
||
| 300 |
_a94 páginas : _bilustraciones ; _c27 cm. |
||
| 336 |
_atexto _btxt _2rdacontent |
||
| 337 |
_asin mediación _bnc _2rdamedia |
||
| 338 |
_avolumen _bnc _2rdacarrier |
||
| 500 | _aIncluye datos biográficos de los autores en la solapa de la contracubierta | ||
| 590 | _aInventariado, 2026/VM | ||
| 650 | 7 |
_a Relajación _vEjercicio |
|
| 650 | 7 |
_aYoga _vEjercicio |
|
| 700 | 1 |
_aCalle, Ramiro _eautor |
|
| 910 | _aVMateo V. Control de calidad. BPMSU | ||
| 942 |
_2ddc _cBK |
||
| 999 |
_c13023 _d13023 |
||